000 00688cam a2200253 4500500
005 20260405003228.0
041 _afre
042 _adc
100 1 0 _aGastineau, Nicolas
_eauthor
245 0 0 _aRaoni face aux crimes contre le vivant
260 _c2021.
500 _a62
690 _aAmazonie
690 _aAmérindien
690 _aBolsonaro
690 _aBrésil
690 _aCrime
690 _aforêt
690 _aJustice
690 _aNature
690 _aVivant
786 0 _nPhilosophie magazine | 147 | 3 | 2021-03-01 | p. 17-19 | 1951-1787
856 4 1 _uhttps://shs.cairn.info/magazine-philosophie-magazine-2021-3-page-17?lang=fr&redirect-ssocas=7080
999 _c2065552
_d2065552